The Urban Land Institute (Record no. 120720)
[ view plain ]
| 000 -LEADER | |
|---|---|
| fixed length control field | 00898cai a22001815a 4500 |
| 001 - CONTROL NUMBER | |
| control field | L145709 |
| 008 - FIXED-LENGTH DATA ELEMENTS--GENERAL INFORMATION | |
| fixed length control field | 081103c xxkao g 000 0 eng d |
| 035 ## - SYSTEM CONTROL NUMBER | |
| System control number | (Sirsi) u145709 |
| 041 0# - LANGUAGE CODE | |
| Language code of text/sound track or separate title | eng |
| 110 2# - MAIN ENTRY--CORPORATE NAME | |
| Corporate name or jurisdiction name as entry element | Urban Land Institute |
| 9 (RLIN) | 3094 |
| 245 04 - TITLE STATEMENT | |
| Title | The Urban Land Institute |
| Medium | [electronic resource] |
| 520 ## - SUMMARY, ETC. | |
| Summary, etc. | Official website for the Urban Land Institute (ULI), a non profit membership organisation for research and education, with over 40 000 members. Members represent all main land use and real estate development disciplines. Provides information on the ULI network (membership information), publications, awards and competitions and education. |
| 590 ## - LOCAL NOTE (RLIN) | |
| Local note | KA |
| 651 #4 - SUBJECT ADDED ENTRY--GEOGRAPHIC NAME | |
| Geographic name | United States |
| Chronological subdivision | 1959- |
| 690 ## - LOCAL SUBJECT ADDED ENTRY--TOPICAL TERM (OCLC, RLIN) | |
| Topical term or geographic name as entry element | ENVIRONMENTAL AND LAND CONSULTANCY-PLANNING AND DEVELOPMENT-STRATEGIC PLANNING |
| 856 40 - ELECTRONIC LOCATION AND ACCESS | |
| Uniform Resource Identifier | <a href="https://www.uli.org/">https://www.uli.org/</a> |
| Public note | View the website free of charge at www.uli.org... |
| 942 ## - ADDED ENTRY ELEMENTS (KOHA) | |
| Suppress in OPAC | 0 |
| Withdrawn status | Lost status | Source of classification or shelving scheme | Damaged status | Not for loan | Home library | Current library | Shelving location | Date acquired | Total Checkouts | Full call number | Barcode | Date last seen | Copy number | Price effective from | Koha item type |
|---|---|---|---|---|---|---|---|---|---|---|---|---|---|---|---|
| Dewey Decimal Classification | Virtual | Virtual | Online | 03/11/2008 | ONLINE PUBLICATION | 145709-1001 | 06/08/2019 | 1 | 06/08/2019 | Online material |